Statistieken voor Groenland Trivia Quiz

Klik hier om de quiz te nemen!

Algemene statistieken

  • Deze quiz is 386 keer genomen
  • De gemiddelde score is 11 van 17

Antwoordstatistieken

HintAntwoord% Correct
Groenland maakt deel uit van dit landDenemarken
98%
Landen die het dichtst bij Groenland liggenCanada
96%
Land dat in 1946 aanbood Groenland te kopen voor $100 miljoenVerenigde Staten
94%
Landen die het dichtst bij Groenland liggenIJsland
93%
Groenland is s' werelds ____ eilandGrootste
90%
Groep mensen die zich in 986 vestigde in GroenlandNoren
79%
Als al het ijs op Groenland smelt, dan zal de zeespiegel met zoveel meter omhoog gaan7
70%
Groenlanders plegen dit bijna 2 keer zo vaak als alle andere landen ter wereldZelfmoord
70%
88% van de Groenlanders behoort tot deze etnische groepInuit
66%
Dier op het wapenschildIJsbeer
64%
Voedselproduct dat het grootste deel van de export van Groenland vertegenwoordigtVis
64%
HoofdstadNuuk
63%
Officiële taalGroenlands
50%
Wat 81% van de oppervlakte van Groenland beslaatGroenlandse ijs{kap}
48%
Persoon die die vestiging leiddeErik de Rode
39%
Dier gevonden voor de kust van Groenland, met vermoedelijk de langste levensduur van alle gewervelde dieren (300-500 jaar)Groenlandse {Haai}
36%
Groot rund die in het noorden van Groenland leeft{Muskus}os
26%

Scoreverdeling

Percentiel versus Aantal Correcte Antwoorden

Procent van Mensen met Elke Score

Uw Scoregeschiedenis

U heeft deze quiz nog niet genomen